The sun (Record no. 671)

MARC details
000 -LEADER
fixed length control field 00434nam a2200181Ia 4500
003 - CONTROL NUMBER IDENTIFIER
control field IN-BaIIA
008 - FIXED-LENGTH DATA ELEMENTS--GENERAL INFORMATION
fixed length control field 211028s9999 xx 000 0 eng d
040 ## - CATALOGING SOURCE
Transcribing agency IIA Library
080 ## - UNIVERSAL DECIMAL CLASSIFICATION NUMBER
Universal Decimal Classification number 523.7
Item number YOU
100 ## - MAIN ENTRY--PERSONAL NAME
Personal name Young, C. A.
9 (RLIN) 1459
245 #4 - TITLE STATEMENT
Title The sun
Statement of responsibility, etc. C. A. Young
260 ## - PUBLICATION, DISTRIBUTION, ETC.
Place of publication, distribution, etc. NewYork
Name of publisher, distributor, etc. D. Appleton
Date of publication, distribution, etc. 1985
300 ## - PHYSICAL DESCRIPTION
Extent 363p.
650 ## - SUBJECT ADDED ENTRY--TOPICAL TERM
Topical term or geographic name entry element Astrophysics
9 (RLIN) 794
650 ## - SUBJECT ADDED ENTRY--TOPICAL TERM
Topical term or geographic name entry element Stellar system
9 (RLIN) 1460
650 ## - SUBJECT ADDED ENTRY--TOPICAL TERM
Topical term or geographic name entry element Sun
9 (RLIN) 1200
942 ## - ADDED ENTRY ELEMENTS (KOHA)
Koha item type Books
Holdings
Withdrawn status Lost status Damaged status Not for loan Home library Current library Shelving location Date acquired Cost, normal purchase price Total Checkouts Full call number Barcode Date last seen Cost, replacement price Price effective from Koha item type Purchase Price
        IIA Library-Bangalore IIA Library-Bangalore General Stacks   10.00   523.7/ YOU 694 05/11/2021 10.00   Books Rs. 10.00

Powered by Koha